1437 1494 1912 1312 1329 1091 1970 1505 1474 1552 1975 1823 1845 1139 1728 1173 1506 1679 1736 1757 1072 1046 1973 1976 1185 1872 1863 1231 1928 1494 1336 1820 1334 1259 1490 1134 1864 1604 1733 1282 1108 1077 1848 1678 1680 1430 1839 1858 1748 1243 1131 1800 1558 1831 1984 1208 1267 1062 1594 1890 1912 1289 1569 1923 1263 1554 1543 1390 1758 1391 1334 1834 1884 1717 1636 1751 1926 1297 1187 1811 1385 1846 1719 1028 1456 1219 1018 1393 1950 1379 1715 1132 1171 1134 1649 1809 1309 1963 1889 BCNSPRNW ULIB Ver.6.0+V

เปลี่ยนเป็นภาษาไทย

Change to English
 แสดงรายละเอียดบรรณานุกรม
  กลับหน้าหลัก

Brief Record : Get Marc (ISO 2709) : E-mail record : QR code < ปิดหน้าต่าง
LEADER : 00000nas 2200000uu 4500
001    13399123642
003     ULIB
008    141026s||||||||th 000 0 tha d
022 0  ^a08574553
110 1  ^aสมาคมพยาบาลจิตเวชแห่งประเทศไทย
245 00 ^aวารสารการพยาบาลจิตเวชและสุขภาพจิต =^bThe journal of psychiatric nursing and mental health /^cสมาคมพยาบาลจิตเวชแห่งประเทศไทย
246 0  ^aThe journal of psychiatric nursing and mental health
260    ^aกรุงเทพฯ :^bสมาคมพยาบาลจิตเวชแห่งประเทศไทย,^cม.ป.ป.
310    ^aรายสี่เดือน
850 ^a ULIB^bปีที่ 28 ฉบับที่ 1 ฉ.1 ;ปีที่ 27 ฉบับที่ 3 ฉ.1 ;ปีที่ 34 ฉบับที่ 1 ฉ.1 ;ปีที่ 34 ฉบับที่ 2 ฉ.1 ;ปีที่ 34 ฉบับที่ 3 ฉ.1 ;ปีที่ 35 ฉบับที่ 1 ฉ.1 ;ปีที่ 35 ฉบับที่ 2 ฉ.1 ;ปีที่ 35 ฉบับที่ 3 ฉ.1
945    ^p0^l0^i902605
945    ^p0^l0^i904112
945    ^p0^l0^i905541
945    ^p0^l0^i905598
945    ^p0^l0^i905711
945    ^p0^l0^i905778
945    ^p0^l0^i905858
945    ^p0^l0^i905929
999    ^aกมลทิพย์ ธนสารสุธี
รายการนี้ยังไม่มีแท็ก
คุณยังไม่ได้ล็อกอิน คุณสามารถมีกิจกรรมร่วมกับเว็บไซต์ได้ แต่ต้องล็อกอินก่อน ::
  ล็อกอิน

รายการสื่อสารสนเทศ (วารสาร)

ดูแบบ: กล่อง รายการ
ARRIVED
ปีที่ 27 ฉบับที่ 3 ฉ.1
สถานที่: ห้องสมุดวิทยาเขตสวรรค์ประชารักษ์ >หนังสือพิมพ์
ARRIVED
ปีที่ 28 ฉบับที่ 1 ฉ.1
สถานที่: ห้องสมุดวิทยาเขตสวรรค์ประชารักษ์ >วารสาร
ARRIVED
ปีที่ 34 ฉบับที่ 1 ฉ.1
สถานที่: ห้องสมุดวิทยาเขตสวรรค์ประชารักษ์ >วารสาร
ARRIVED
ปีที่ 34 ฉบับที่ 2 ฉ.1
สถานที่: ห้องสมุดวิทยาเขตสวรรค์ประชารักษ์ >วารสาร
ARRIVED
ปีที่ 34 ฉบับที่ 3 ฉ.1
สถานที่: ห้องสมุดวิทยาเขตสวรรค์ประชารักษ์ >วารสาร
ARRIVED
ปีที่ 35 ฉบับที่ 1 ฉ.1
สถานที่: ห้องสมุดวิทยาเขตสวรรค์ประชารักษ์ >วารสาร
ARRIVED
ปีที่ 35 ฉบับที่ 2 ฉ.1
สถานที่: ห้องสมุดวิทยาเขตสวรรค์ประชารักษ์ >วารสาร
ARRIVED
ปีที่ 35 ฉบับที่ 3 ฉ.1
สถานที่: ห้องสมุดวิทยาเขตสวรรค์ประชารักษ์ >วารสาร

BibComment


ยังไม่เคยถูกคอมเมนท์

คอมเมนท์ทรัพยากรรายการนี้
  คอมเมนท์: วารสารการพยาบาลจ..


 Copyright 2026. Bcnsprnw @Library